Enciclopedia argentina de Agricultura y Jardinería

Kaydedildi:
Detaylı Bibliyografya
Yazar: Dimitri, Milan J
Diğer Yazarlar: Ragonese, Arturo E, Milano, Víctor A
Materyal Türü: Kitap
Dil:İspanyolca
Baskı/Yayın Bilgisi: Buenos Aires, Argentina Acme 1977
Konular:
Etiketler: Etiketle
Etiket eklenmemiş, İlk siz ekleyin!

MARC

LEADER 00000nam a2200000 a 4500
001 UCP5703
003 CL-VaPUC
005 20230929110831.0
008 990927e19770000AG |||||||||||||||||spa|d
999 |c 283377  |d 283375 
040 |c Pontificia Universidad Católica de Valparaíso 
082 0 4 |a 630.103 DIM 1977  |2 21 
100 0 |a Dimitri, Milan J  |9 434223 
245 1 0 |a Enciclopedia argentina de Agricultura y Jardinería 
260 0 3 |a Buenos Aires, Argentina  |b Acme  |c 1977 
300 |a v 
583 |a last modification  |c 19990927 00:00:00  |k Rodrigo Vera 
650 0 |a Agricultura  |9 255598 
650 0 |a Jardinería   |9 310804 
650 0 |a Plantas  |9 264555 
650 0 |a Floricultura  |9 264401 
650 0 |a Enciclopedias  |9 264135 
700 0 |a Ragonese, Arturo E  |9 434224 
700 0 |a Milano, Víctor A  |9 434225 
942 |c BK  |2 ddc 
945 |d 19990927 00:00:00  |a rbrito 
952 |0 0  |1 0  |2 ddc  |4 0  |6 630_103000000000000_DIM_1977  |7 0  |8 X  |9 326477  |a BIBCUR  |b BIBCUR  |d 2019-11-20  |h t.1 v.1  |i 3566129  |o 630.103 DIM 1977  |p 3566129  |r 2025-04-22  |t 3  |w 2019-11-20  |y BK_X  |k BCB 
952 |0 0  |1 0  |2 ddc  |4 0  |6 630_103000000000000_DIM_1977  |7 0  |8 X  |9 326480  |a BIBCUR  |b BIBCUR  |d 2019-11-20  |h t.1 v.2  |i 3566153  |o 630.103 DIM 1977  |p 3566153  |r 2025-04-22  |t 1  |w 2019-11-20  |y BK_X  |k BCB